000 00596nam a2200241Ia 4500
005 20250425162357.0
008 250425s9999 xx 000 0 und d
020 _a0131403710
041 _aeng
082 _a302.35
100 _aJONES, GARETH R.
245 0 _aORGANIZATIONAL THEORY, DESIGN, AND CHANGE: TEXT AND CASES
250 _a4TH ED.
260 _aEstados Unidos
_bPEARSON PRENTICE HALL
_c2004
260 _aS.L.
300 _a592
650 _aCAMBIO
650 _aORGANIZACION
650 _aTEORIAS
710 _aPEARSON PRENTICE HALL
942 _c01
010 _a67256
999 _c227986
_d227986